| 000 | 00430nam a2200181Ia 4500 | ||
|---|---|---|---|
| 001 | 19065 | ||
| 005 | 20260306171716.0 | ||
| 008 | 260306s9999||||xx |||||||||||||| ||und|| | ||
| 041 | _aESP | ||
| 082 |
_a658.8 _bG23 |
||
| 100 |
_aGarcía Sánchez, María Dolores (coord.) _eAUT |
||
| 245 | 0 | _aManual de marketing | |
| 260 | _c2008 | ||
| 300 |
_a732 P. _c24 cm. |
||
| 650 | _aGEN | ||
| 654 | _aCAN | ||
| 942 |
_cLIB _dJUS _fJUS _2ddc _n |
||
| 999 |
_c19065 _d19065 |
||